| 000 | 00410 a2200157 4500 | ||
|---|---|---|---|
| 001 | 149952 | ||
| 040 | _cEscola São Tomás de Aquino | ||
| 100 | _aAZEVEDO, Ricardo | ||
| 240 | 1 | 0 |
_aA vida e a outra vida de Roberto do Diabo _lpor |
| 245 | 1 | 0 | _aA vida e a outra vida de Roberto do Diabo |
| 300 | _a43 | ||
| 362 | 0 | _a1988 | |
| 440 | 1 | _aScipione | |
| 697 | _aFolclore / Adivinhações / Lendas | ||
| 942 | _cBK | ||
| 999 |
_c149952 _d149952 |
||